[Event "ICS Rated blitz match"]
[Site "204.178.125.65"]
[Date "1999.10.14"]
[Round "?"]
[White "JackBach"]
[Black "Hossa"]
[Result "0-1"]
[WhiteElo "1336"]
[BlackElo "2368"]
[PlyCount "46"]
[EventDate "1999.??.??"]

1. g3 d5 2. Nf3 c6 3. d4 Nf6 4. e3 Bf5 5. Ng5 Nbd7 6. Rg1 e6 7. g4 Bg6 8. Bd3
Bxd3 9. Qxd3 c5 10. f3 cxd4 11. exd4 Bd6 12. Rh1 Qc7 13. Nc3 Bxh2 14. Rf1 Qg3+
15. Rf2 Bg1 16. Be3 h6 17. Nxe6 fxe6 18. Qb5 Bxf2+ 19. Bxf2 Qxf3 20. Qxb7 O-O
21. Ne2 Ne4 22. Qxd7 Qxf2+ 23. Kd1 23... Qf1# {JackBach checkmated} 0-1

[Event "ICS Rated blitz match"]
[Site "204.178.125.65"]
[Date "1999.08.30"]
[Round "?"]
[White "JenMan"]
[Black "Hossa"]
[Result "0-1"]
[WhiteElo "2093"]
[BlackElo "2501"]
[PlyCount "58"]
[EventDate "1999.??.??"]

1. d4 d5 2. Bg5 Nd7 3. Nf3 f6 4. Bh4 e6 5. e3 Bd6 6. c4 g5 7. Bg3 Bxg3 8. hxg3
Ne7 9. Nc3 c6 10. cxd5 cxd5 11. Bd3 h5 12. O-O e5 13. e4 g4 14. Nh4 exd4 15.
Nb5 dxe4 16. Bxe4 Nc5 17. Bg6+ Nxg6 18. Nxg6 Rh6 19. Re1+ Kf7 20. Nf4 d3 21. b4
Na6 22. Nxd3 Kg8 23. Qb3+ Kg7 24. Rad1 Qf8 25. Nf4 Qxb4 26. Re7+ Qxe7 27. Qc3
Qb4 28. Qe3 Qc5 29. Qd3 29... Nb4 {JenMan resigns} 0-1

[Event "ICS Rated blitz match"]
[Site "204.178.125.65"]
[Date "1999.09.24"]
[Round "?"]
[White "Jesus"]
[Black "Hossa"]
[Result "0-1"]
[WhiteElo "2101"]
[BlackElo "2392"]
[PlyCount "82"]
[EventDate "1999.??.??"]

1. d4 Nf6 2. Nf3 g6 3. g3 Bg7 4. Bg2 O-O 5. O-O d5 6. c4 dxc4 7. Ne5 Ne8 8.
Nxc4 Qxd4 9. Qxd4 Bxd4 10. Nc3 Bg7 11. Bg5 f6 12. Be3 Nd6 13. Na5 Na6 14. Nd5
Nf5 15. Bd2 Rd8 16. e4 c6 17. exf5 cxd5 18. fxg6 hxg6 19. Rac1 e5 20. a3 Rb8
21. b4 Bf8 22. Rfd1 Be6 23. Be1 Rd7 24. f4 Rc7 25. fxe5 Rxc1 26. Rxc1 fxe5 27.
Rd1 e4 28. Bc3 Rc8 29. Be5 b6 30. Nb3 Bg7 31. Bxg7 Kxg7 32. Nd4 Bd7 33. Ne2 Bg4
34. Bf1 Rc2 35. Re1 Bxe2 36. Bxe2 Nc7 37. Bf1 Ne6 38. h4 Rc3 39. Bh3 Nd4 40.
Rd1 Rxg3+ 41. Kh2 41... Rd3 {Jesus resigns} 0-1

[Event "ICS Rated blitz match"]
[Site "204.178.125.65"]
[Date "1999.10.19"]
[Round "?"]
[White "JudgeTurpin"]
[Black "Hossa"]
[Result "1/2-1/2"]
[WhiteElo "2622"]
[BlackElo "2484"]
[PlyCount "262"]
[EventDate "1999.??.??"]

1. d4 d5 2. Bf4 e6 3. e3 Bd6 4. Bg3 Bxg3 5. hxg3 Nf6 6. c4 Nbd7 7. Nf3 c5 8.
cxd5 exd5 9. Bb5 cxd4 10. Qxd4 O-O 11. Nc3 Nb6 12. Bd3 Re8 13. a4 Be6 14. a5
Nbd7 15. Nb5 Qb8 16. Rc1 b6 17. b4 bxa5 18. bxa5 a6 19. Nc3 Qc7 20. O-O Qxa5
21. Ra1 Qc7 22. Rxa6 Rxa6 23. Bxa6 Qa5 24. Bd3 Nc5 25. Bc2 Rc8 26. Rb1 Ncd7 27.
Rb4 Qc5 28. Rb3 Ne4 29. Nxe4 dxe4 30. Bxe4 Qc1+ 31. Kh2 Nf6 32. Rb1 Ng4+ 33.
Kh3 Nxf2+ 34. Kh4 Qc4 35. Bb7 Re8 36. Qxc4 Bxc4 37. Bc6 Rf8 38. Ne5 Be6 39. Rf1
f6 40. Rxf2 fxe5 41. Rxf8+ Kxf8 42. g4 Kf7 43. Be4 g6 44. g5 Bc4 45. Kh3 Ke6
46. Kg4 Be2+ 47. Bf3 Ba6 48. Ba8 Kd6 49. Kf3 Bd3 50. Bb7 Bc2 51. Ba6 Bb3 52.
Bb7 Kc7 53. Be4 Bc4 54. Kf2 Kb6 55. Kf3 Kc5 56. Kg3 Kd6 57. Kg4 Bb3 58. Bf3
Be6+ 59. Kg3 Kc5 60. Kf2 Bc4 61. Bd1 Bd5 62. Bf3 e4 63. Be2 Bb3 64. Kg3 Bc2 65.
Kf4 Bd3 66. Bg4 Kd6 67. Bd1 Ke7 68. g3 Ke6 69. Bb3+ Kd6 70. Bg8 Ke7 71. Ke5 Bc2
72. Ba2 Bd1 73. Kxe4 Kf8 74. Kf4 Be2 75. e4 Bf1 76. Bd5 Bg2 77. Bc4 Kg7 78. Ba2
Kh8 79. Bd5 Kg7 80. Bc4 Bh1 81. Ke3 Kf8 82. g4 Bg2 83. Kf4 Kg7 84. Bd3 Kf8 85.
Kg3 Bh1 86. Bb1 Ke7 87. Kf4 Bg2 88. Ba2 Kf8 89. Ke3 Bh3 90. Kf3 Bf1 91. e5 Bb5
92. Be6 Ba4 93. Kf4 Bb5 94. Bd5 Bd7 95. Bb3 Ke7 96. Bg8 Kf8 97. Bd5 Ke7 98. Bb3
Bb5 99. Bg8 Kf8 100. Be6 Ke7 101. Ba2 Be2 102. Bg8 Kf8 103. Bd5 Bd1 104. Be6
Ke7 105. Bg8 Kf8 106. Bd5 Be2 107. Bb3 Ke7 108. Kg3 Kf8 109. Bd5 Kg7 110. Ba2
Kf8 111. Bb3 Ke7 112. Bg8 Kf8 113. Be6 Ke7 114. Bd5 Kf8 115. Ba2 Ke7 116. Kh4
Kf8 117. Be6 Bf1 118. Kg3 Be2 119. Kh2 Ke7 120. Bg8 Bxg4 121. Kg3 Bf5 122. Bxh7
Kf7 123. Kf4 Kg7 124. Bxg6 Kxg6 125. Ke3 Kxg5 126. Kd4 Bg4 127. Kd5 Bh3 128.
Kd6 Bg2 129. e6 Bf1 130. e7 Bb5 131. e8=Q 131... Bxe8 {
Game drawn because neither player has mating material} 1/2-1/2

[Event "ICS Rated blitz match"]
[Site "204.178.125.65"]
[Date "1999.09.15"]
[Round "?"]
[White "JudgeTurpin"]
[Black "Hossa"]
[Result "1-0"]
[WhiteElo "2446"]
[BlackElo "2350"]
[PlyCount "107"]
[EventDate "1999.??.??"]

1. Nf3 d5 2. g3 Bf5 3. Bg2 c6 4. O-O Nd7 5. d3 e6 6. Bf4 Bc5 7. Nc3 Ngf6 8. Na4
Be7 9. c4 Nh5 10. Bd2 O-O 11. h3 Nhf6 12. Nh4 Bg6 13. Nxg6 fxg6 14. Qb3 Qb8 15.
Bf4 Qc8 16. Rad1 Nh5 17. Bd2 Nc5 18. Nxc5 Bxc5 19. d4 Bxd4 20. cxd5 cxd5 21.
Bb4 Bb6 22. Bxf8 Kxf8 23. e4 Nf6 24. exd5 exd5 25. g4 d4 26. g5 Nh5 27. Qf3+
Kg8 28. Qd5+ Kh8 29. Qxb7 Qxb7 30. Bxb7 Rf8 31. h4 Nf4 32. a3 h6 33. gxh6 gxh6
34. b4 d3 35. Kh2 Bd8 36. h5 gxh5 37. Ba6 Bb6 38. Bxd3 Nxd3 39. Rxd3 Rxf2+ 40.
Rxf2 Bxf2 41. Kg2 Bb6 42. a4 Bc7 43. a5 Be5 44. b5 Kg7 45. a6 h4 46. b6 Bb8 47.
Rd8 Bf4 48. bxa7 h5 49. a8=Q Be5 50. Rg8+ Kh7 51. Qf8 h3+ 52. Kf1 h4 53. Qf7+
Bg7 54. Qxg7# {Hossa checkmated} 1-0

[Event "ICS Rated blitz match"]
[Site "204.178.125.65"]
[Date "1999.09.23"]
[Round "?"]
[White "JudgeTurpin"]
[Black "Hossa"]
[Result "1-0"]
[WhiteElo "2443"]
[BlackElo "2399"]
[PlyCount "122"]
[EventDate "1999.??.??"]

1. e4 c5 2. Nf3 Nc6 3. d4 cxd4 4. Nxd4 d6 5. c4 Nxd4 6. Qxd4 Nf6 7. Nc3 e5 8.
Qd3 Be7 9. Be2 O-O 10. Be3 Ng4 11. Bxg4 Bxg4 12. O-O Be6 13. Rad1 f5 14. exf5
Rxf5 15. b3 Qa5 16. Nb5 Rd8 17. Bxa7 Rf6 18. Qd2 Qxd2 19. Rxd2 d5 20. cxd5 Rxd5
21. Rxd5 Bxd5 22. Bb8 Rg6 23. g3 Rg5 24. Re1 Bf6 25. Nd6 h5 26. Nc4 e4 27. Nd2
Bc3 28. Nxe4 Rxg3+ 29. Nxg3 Bxe1 30. Nxh5 Bf3 31. Nf4 Be4 32. Kf1 Bb4 33. Be5
Ba3 34. Ne2 b5 35. Nc3 Bd3+ 36. Ke1 b4 37. Kd2 Bf5 38. Nb5 Bb1 39. Nxa3 bxa3
40. Bd6 Kf7 41. Bxa3 Ke6 42. Bb2 g5 43. a4 Be4 44. b4 Kd5 45. b5 Kc4 46. Bc3
Kc5 47. Ke3 Bd5 48. Bf6 Kb4 49. Kd4 Bb7 50. Bxg5 Kxa4 51. h4 Kxb5 52. h5 Bc8
53. Ke5 Bg4 54. h6 Kc4 55. h7 Be2 56. h8=Q Kc3 57. Kd5+ Kb3 58. Bc1 Bc4+ 59.
Kc5 Kc2 60. Qb2+ Kd3 61. f3 61... Bb5 {Hossa resigns} 1-0

[Event "ICS Rated blitz match"]
[Site "204.178.125.65"]
[Date "1999.09.20"]
[Round "?"]
[White "JudgeTurpin"]
[Black "Hossa"]
[Result "1-0"]
[WhiteElo "2525"]
[BlackElo "2422"]
[PlyCount "122"]
[EventDate "1999.??.??"]

1. d4 Nf6 2. c4 e6 3. Nf3 Bb4+ 4. Nc3 Ne4 5. Qc2 d5 6. e3 O-O 7. Bd3 f5 8. Bd2
c5 9. a3 Ba5 10. cxd5 Nxd2 11. Qxd2 cxd4 12. Nxd4 exd5 13. b4 Bb6 14. O-O Nc6
15. Nb3 Rb8 16. Rad1 Be6 17. Ne2 Qh4 18. Nf4 Bc7 19. g3 Qf6 20. Nc5 Bxf4 21.
gxf4 d4 22. Nxe6 Qxe6 23. Qc2 Qg6+ 24. Kh1 dxe3 25. Rg1 e2 26. Bxe2 Qe8 27. Qc3
Qe4+ 28. f3 Qe7 29. Bc4+ Kh8 30. b5 Nd8 31. Rge1 Qc7 32. Qb4 Nf7 33. Re7 Qxf4
34. Qc3 Ne5 35. Rxe5 Rbd8 36. Bd5 Rc8 37. Qd4 Qxd4 38. Rxd4 Rc7 39. Rc4 Rxc4
40. Bxc4 g6 41. Bd5 b6 42. Re7 Rd8 43. Bc6 Rd1+ 44. Kg2 g5 45. Rxa7 Rd2+ 46.
Kg3 h5 47. Ra6 f4+ 48. Kh3 Rd3 49. Rxb6 g4+ 50. Kh4 gxf3 51. Kxh5 Kg7 52. Be4
Rxa3 53. Rg6+ Kh8 54. Kh6 Ra2 55. h4 Rd2 56. Rf6 Rd8 57. Bxf3 Kg8 58. b6 Rd7
59. b7 Rh7+ 60. Kg5 Rg7+ 61. Rg6 61... Kf7 {Hossa resigns} 1-0

[Event "ICS Rated blitz match"]
[Site "204.178.125.65"]
[Date "1999.09.20"]
[Round "?"]
[White "JudgeTurpin"]
[Black "Hossa"]
[Result "1-0"]
[WhiteElo "2498"]
[BlackElo "2449"]
[PlyCount "41"]
[EventDate "1999.??.??"]

1. d4 Nf6 2. c4 c5 3. d5 b5 4. cxb5 a6 5. Nc3 axb5 6. e4 b4 7. Nb5 d6 8. Bf4
Nxe4 9. Bc4 Ra5 10. Qe2 Ba6 11. Nf3 g6 12. Nd2 f5 13. Nb3 Rxb5 14. Bxb5+ Bxb5
15. Qxb5+ Nd7 16. f3 Nef6 17. O-O-O Bg7 18. Na5 Kf7 19. Rhe1 Qb6 20. Qe2 g5 21.
Qxe7+ {Hossa resigns} 1-0

[Event "ICS Rated blitz match"]
[Site "204.178.125.65"]
[Date "1999.09.14"]
[Round "?"]
[White "JudgeTurpin"]
[Black "Hossa"]
[Result "0-1"]
[WhiteElo "2518"]
[BlackElo "2269"]
[PlyCount "172"]
[EventDate "1999.??.??"]

1. Nf3 d5 2. g3 Bf5 3. Bg2 c6 4. O-O Nd7 5. d3 e6 6. Nc3 Bg4 7. Bd2 Bc5 8. Na4
Bxf3 9. exf3 Bd4 10. c3 Bf6 11. Be3 Ne7 12. Qb3 b6 13. f4 Nf5 14. c4 O-O 15.
Rac1 Bd4 16. Bd2 Qf6 17. Qc2 b5 18. Nc3 bxc4 19. dxc4 Rad8 20. cxd5 cxd5 21. b4
Nb6 22. Rfd1 Rc8 23. Qb3 Nc4 24. Be1 Rfd8 25. Nxd5 exd5 26. Bh3 Bb6 27. Qd3 g6
28. Bc3 d4 29. Ba1 Ncd6 30. Bg2 Qe6 31. a3 Re8 32. Rxc8 Nxc8 33. Bh3 Ncd6 34.
Qf3 Qe4 35. Qb3 Qe2 36. Bf1 Qe6 37. Qd3 Qe4 38. Qb3 Re7 39. Bg2 Qe2 40. Bf1 Qe6
41. Qd3 Qe4 42. Qb3 Kh8 43. Bg2 Qe6 44. Qf3 Qe2 45. Qxe2 Rxe2 46. g4 Nh4 47.
Kf1 Ra2 48. Bc6 Nc4 49. Bd5 Nd2+ 50. Ke2 Nb3+ 51. Kd3 Rxa1 52. Rxa1 Nxa1 53. a4
f5 54. h3 Bc7 55. Kxd4 Bxf4 56. Kd3 Kg7 57. b5 Kf6 58. Bg8 fxg4 59. hxg4 h5 60.
gxh5 gxh5 61. Ba2 Nf5 62. Ke4 Kg5 63. Be6 Nd6+ 64. Kd3 h4 65. Kd4 Nf5+ 66. Kc3
h3 67. Kd3 Nc2 68. Kc3 h2 69. Bd5 Nfd4 70. Be4 Kg4 71. Bh1 Bg5 72. Kd3 Bh4 73.
f3+ Kg3 74. Kc3 Kf2 75. f4 Kg1 76. Be4 Bf6 77. Kd2 Nb4 78. Ke3 Nf5+ 79. Kd2 Nh4
80. b6 axb6 81. Ba8 Ng2 82. Bxg2 Kxg2 83. Ke3 h1=Q 84. f5 Qc1+ 85. Ke4 Kg3 86.
a5 86... Qe1# {JudgeTurpin checkmated} 0-1

[Event "ICS Rated blitz match"]
[Site "204.178.125.65"]
[Date "1999.09.16"]
[Round "?"]
[White "JudgeTurpin"]
[Black "Hossa"]
[Result "1-0"]
[WhiteElo "2411"]
[BlackElo "2441"]
[PlyCount "147"]
[EventDate "1999.??.??"]

1. e4 c6 2. d4 d5 3. Nc3 dxe4 4. Nxe4 Bf5 5. Ng3 Bg6 6. h4 h6 7. Nf3 Nd7 8. h5
Bh7 9. Bd3 Bxd3 10. Qxd3 e6 11. Bd2 Ngf6 12. O-O-O Bd6 13. Bc3 O-O 14. Ne5 Qc7
15. Nxd7 Qxd7 16. Ne4 Nd5 17. Kb1 a6 18. Bd2 b5 19. Rhe1 Qc7 20. Nxd6 Qxd6 21.
c3 c5 22. dxc5 Qxc5 23. Qg3 Kh8 24. Rc1 Rfd8 25. Qf3 Rd7 26. g3 Rad8 27. g4 Qc4
28. g5 hxg5 29. Bxg5 f6 30. Re4 Qc6 31. Bh4 e5 32. Ka1 a5 33. Kb1 a4 34. Rg4 a3
35. b3 Qd6 36. h6 gxh6 37. Rg6 Kh7 38. Rcg1 Nf4 39. Rxf6 Qd1+ 40. Rxd1 Rxd1+
41. Qxd1 Rxd1+ 42. Kc2 Ra1 43. b4 Ne2 44. Kb3 Nc1+ 45. Kc2 Nxa2 46. Bg3 e4 47.
Bf4 Rf1 48. Bd2 Kg8 49. Rf4 Kg7 50. Rxe4 Rxf2 51. Re1 Kf7 52. Ra1 Nxc3 53. Kxc3
h5 54. Rxa3 h4 55. Ra7+ Kg6 56. Ra6+ Rf6 57. Rxf6+ Kxf6 58. Kd4 h3 59. Bf4 Ke6
60. Bh2 Kf6 61. Kc5 Kf5 62. Kxb5 Ke4 63. Kc5 Kf3 64. b5 Kg2 65. Be5 Kf3 66. b6
Ke4 67. Bh2 Kf3 68. b7 Kg2 69. b8=Q Kf3 70. Qf4+ Kg2 71. Kd4 Kh1 72. Bg3 Kg2
73. Qf2+ Kh1 74. Qh2# {Hossa checkmated} 1-0

[Event "ICS Rated blitz match"]
[Site "204.178.125.65"]
[Date "1999.10.18"]
[Round "?"]
[White "JudgeTurpin"]
[Black "Hossa"]
[Result "1-0"]
[WhiteElo "2622"]
[BlackElo "2528"]
[PlyCount "116"]
[EventDate "1999.??.??"]

1. e4 e5 2. Nf3 Nc6 3. Bb5 a6 4. Ba4 Nf6 5. O-O Nxe4 6. d4 b5 7. Bb3 d5 8. dxe5
Be6 9. c3 Bc5 10. Nbd2 O-O 11. Bc2 Nxf2 12. Rxf2 f6 13. exf6 Bxf2+ 14. Kxf2
Qxf6 15. Nf1 Ne5 16. Be3 Nxf3 17. gxf3 Qh4+ 18. Kg1 Rae8 19. a4 c6 20. axb5
axb5 21. Bc5 Rf6 22. Bd4 Rf7 23. Ra6 Bh3 24. Bf2 Qh6 25. Ng3 Rfe7 26. Bd3 Re6
27. Ra7 Re5 28. Qc2 R5e7 29. Rxe7 Rxe7 30. b4 Rf7 31. Be2 Qh4 32. Qd2 Rf6 33.
Kh1 Re6 34. Ne4 Qe7 35. Bc5 Qe8 36. Ng3 Qf7 37. Bd4 Re8 38. f4 Ra8 39. Qc1 Ra2
40. Qb1 Ra8 41. Bd3 g6 42. f5 Re8 43. Nh5 gxh5 44. Qg1+ Bg4 45. h3 Qe7 46. Bf2
Qg5 47. hxg4 hxg4 48. Qg3 h5 49. Kg2 Qd2 50. Qd6 h4 51. Qg6+ Kf8 52. f6 h3+ 53.
Kg3 Re3+ 54. Bxe3 Qxe3+ 55. Kxg4 Qe6+ 56. Bf5 Qe2+ 57. Kh4 Qe1+ 58. Kxh3 58...
Qe3+ {Hossa resigns} 1-0

[Event "ICS Rated blitz match"]
[Site "204.178.125.65"]
[Date "1999.09.09"]
[Round "?"]
[White "JudgeTurpin"]
[Black "Hossa"]
[Result "1-0"]
[WhiteElo "2606"]
[BlackElo "2480"]
[PlyCount "179"]
[EventDate "1999.??.??"]

1. e4 c5 2. Nf3 d6 3. d4 cxd4 4. Qxd4 Nf6 5. Bb5+ Bd7 6. a4 Nc6 7. Qd3 a6 8.
Bc4 Na5 9. Nc3 Nxc4 10. Qxc4 Bg4 11. Ng5 e6 12. h3 Bh5 13. Qb3 b6 14. Be3 Nd7
15. O-O Be7 16. f4 O-O 17. a5 b5 18. Kh2 Nc5 19. Qb4 Rc8 20. Rac1 d5 21. exd5
Na4 22. Qd4 Nxc3 23. bxc3 exd5 24. Qd2 Qxa5 25. Qxd5 Rfd8 26. Qb7 Rc7 27. Bb6
Rxb7 28. Bxa5 Re8 29. Rfe1 Ra8 30. Ne4 f5 31. Ng3 Bg6 32. Rcd1 Bf6 33. Rd5 Bf7
34. Rxf5 Bg6 35. Rd5 Bxc2 36. Nh5 Bh4 37. g3 Be7 38. f5 Bb3 39. Rd4 Bc5 40. Rd2
Bc4 41. g4 Kf7 42. Red1 Raa7 43. Kg3 Be3 44. Rd6 Bb3 45. R1d3 Bc5 46. Rc6 Be7
47. Rd2 Bc4 48. Rd1 Ra8 49. Kf4 Kg8 50. Ng3 Bb3 51. Rd2 Bf7 52. Ne4 h6 53. Rd1
Bc4 54. Kf3 Kh7 55. Bc7 h5 56. Rd7 hxg4+ 57. hxg4 Bf8 58. Nd2 Ba2 59. f6 a5 60.
g5 Kg8 61. c4 gxf6 62. Ne4 Kh8 63. cxb5 Rxb5 64. Nc3 Rf5+ 65. Ke4 Rf1 66. Rxf6
Re1+ 67. Kf5 Bb3 68. Be5 Bc2+ 69. Kf4 Kg8 70. Rb6 Bc5 71. Rbb7 Be3+ 72. Kg4
Rg1+ 73. Kf3 Bc5 74. Bf6 Rf1+ 75. Kg2 Rg1+ 76. Kh2 Re1 77. Rbc7 Bb6 78. Rg7+
Kf8 79. Rcf7+ Ke8 80. Re7+ Rxe7 81. Rxe7+ Kf8 82. Nd5 Bg1+ 83. Kxg1 Kg8 84.
Rg7+ Kf8 85. Nc7 Re8 86. Nxe8 Kxe8 87. g6 Kf8 88. Rf7+ Kg8 89. Rd7 Bd3 90. Rd8#
{Hossa checkmated} 1-0

[Event "ICS Rated blitz match"]
[Site "204.178.125.65"]
[Date "1999.09.14"]
[Round "?"]
[White "JudgeTurpin"]
[Black "Hossa"]
[Result "0-1"]
[WhiteElo "2500"]
[BlackElo "2299"]
[PlyCount "144"]
[EventDate "1999.??.??"]

1. Nf3 d5 2. g3 Bf5 3. Bg2 c6 4. d3 e6 5. O-O Nf6 6. Nbd2 Bd6 7. Nb3 O-O 8. Nh4
Bg4 9. c4 Nbd7 10. Bg5 Rc8 11. Qd2 Ne5 12. h3 dxc4 13. dxc4 Bh5 14. Bxf6 gxf6
15. c5 Bc7 16. Qc2 Qe7 17. Rfd1 Rcd8 18. Rac1 Ng6 19. Nxg6 Bxg6 20. e4 f5 21.
exf5 Bxf5 22. Qc4 e5 23. Qa4 a6 24. Qb4 Rxd1+ 25. Rxd1 Rd8 26. Rd2 Rxd2 27.
Nxd2 b5 28. Qa3 Qd7 29. Qe3 Qe6 30. Ne4 Qg6 31. b4 Bc8 32. Qf3 f5 33. Nd6 Bd7
34. Qb3+ Kh8 35. Qf7 Qxf7 36. Nxf7+ Kg7 37. Ng5 e4 38. g4 h6 39. Nxe4 fxe4 40.
Bxe4 Bf4 41. Kf1 Bc1 42. Ke2 Ba3 43. Kd3 Bxb4 44. Kd4 Be6 45. Bxc6 Bxa2 46. Bb7
a5 47. Be4 Be1 48. Ke3 a4 49. c6 Ba5 50. f4 a3 51. Bd3 Be6 52. Bb1 a2 53. Bxa2
Bxa2 54. Kd4 b4 55. g5 b3 56. c7 Bxc7 57. gxh6+ Kxh6 58. Kc3 Bxf4 59. Kb2 Be5+
60. Ka3 b2 61. Kxa2 Kh5 62. Kb1 Kh4 63. Ka2 Kxh3 64. Kb1 Kg4 65. Kc2 Kf5 66.
Kb1 Ke4 67. Kc2 Bd4 68. Kb1 Kd3 69. Ka2 Kc2 70. Ka3 b1=Q 71. Ka4 Bc3 72. Ka3
72... Qa1# {JudgeTurpin checkmated} 0-1

[Event "ICS Rated blitz match"]
[Site "204.178.125.65"]
[Date "1999.09.13"]
[Round "?"]
[White "JudgeTurpin"]
[Black "Hossa"]
[Result "1-0"]
[WhiteElo "2525"]
[BlackElo "2419"]
[PlyCount "78"]
[EventDate "1999.??.??"]

1. e4 c5 2. Nf3 Nc6 3. d4 cxd4 4. Nxd4 e5 5. Nb5 Nf6 6. N1c3 a6 7. Nd6+ Bxd6 8.
Qxd6 Qa5 9. Bd3 Qb4 10. Qc7 d5 11. Bd2 Qe7 12. Qxe7+ Nxe7 13. exd5 Nfxd5 14.
Nxd5 Nxd5 15. O-O-O f6 16. Be4 Ne7 17. g3 Rb8 18. f4 f5 19. Bd3 e4 20. Bc4 b5
21. Bb3 Rb7 22. Bc3 Ng6 23. Rd6 b4 24. Bd4 a5 25. Rd1 Nf8 26. Rc6 Bd7 27. Ra6
a4 28. Ra8+ Ke7 29. Bd5 Rb5 30. Bxg7 Ne6 31. Rxh8 Nxg7 32. Rxh7 Kf8 33. Bxe4
Be6 34. Bc6 Ra5 35. Rd8+ Kf7 36. Rd6 Bc8 37. Bd5+ Ke7 38. Rc6 Rxd5 39. Rxc8
39... Kd7 {Hossa resigns} 1-0

[Event "ICS Rated blitz match"]
[Site "204.178.125.65"]
[Date "1999.10.11"]
[Round "?"]
[White "JudgeTurpin"]
[Black "Hossa"]
[Result "1-0"]
[WhiteElo "2497"]
[BlackElo "2364"]
[PlyCount "88"]
[EventDate "1999.??.??"]

1. e4 e5 2. Bc4 Nf6 3. d3 c6 4. Nf3 d5 5. Bb3 Bg4 6. exd5 cxd5 7. Nc3 Bb4 8.
Bg5 d4 9. a3 dxc3 10. axb4 cxb2 11. Rb1 Nc6 12. h3 Bxf3 13. Qxf3 O-O 14. Rxb2
Qd4 15. Rb1 Qxb4+ 16. Bd2 Qe7 17. Bc4 Nd4 18. Qxb7 Nxc2+ 19. Kd1 Qxb7 20. Rxb7
Nd4 21. Re1 e4 22. dxe4 Ne6 23. e5 Nh5 24. g3 Rfb8 25. Rxb8+ Rxb8 26. Bxe6 fxe6
27. g4 Rf8 28. gxh5 Rxf2 29. Kc2 Rf5 30. h6 g6 31. Rb1 Rf7 32. Be3 Rc7+ 33. Kd3
g5 34. Ra1 Rd7+ 35. Ke4 Kf7 36. Bxg5 Kg6 37. Be3 Kf7 38. Rxa7 Rxa7 39. Bxa7 Kg6
40. Be3 Kf7 41. Kd4 Ke7 42. Kc5 Kd7 43. Kb6 Ke7 44. Kc7 44... Ke8 {
Hossa resigns} 1-0

[Event "ICS Rated blitz match"]
[Site "204.178.125.65"]
[Date "1999.09.23"]
[Round "?"]
[White "JudgeTurpin"]
[Black "Hossa"]
[Result "0-1"]
[WhiteElo "2443"]
[BlackElo "2420"]
[PlyCount "144"]
[EventDate "1999.??.??"]

1. Nf3 d5 2. g3 c6 3. Bg2 Bg4 4. O-O Nd7 5. d3 e5 6. e4 Ngf6 7. Re1 Bd6 8. exd5
cxd5 9. Nc3 O-O 10. h3 Bxf3 11. Qxf3 Bb4 12. Bg5 Qa5 13. Bxf6 Nxf6 14. Qf5 Rae8
15. Rxe5 Bxc3 16. Rxe8 Rxe8 17. bxc3 Qxc3 18. Rf1 b6 19. h4 Re2 20. g4 h6 21.
g5 Re5 22. Qf4 hxg5 23. hxg5 Nh7 24. Qa4 Rxg5 25. Qxa7 Nf8 26. Qa4 Qe5 27. f4
Qe3+ 28. Rf2 Rg4 29. Qb4 Ne6 30. Qc3 Rxf4 31. Qd2 Qd4 32. c3 Rxf2 33. Qxf2 Qxc3
34. Qxb6 Qa1+ 35. Kh2 Qxa2 36. Qb8+ Kh7 37. Qe5 d4 38. Qf5+ Kg8 39. Qb5 Qf2 40.
Kh1 Qh4+ 41. Kg1 Qg5 42. Qb8+ Kh7 43. Kh1 Qc1+ 44. Kh2 Qh6+ 45. Kg1 Qe3+ 46.
Kh1 Qxd3 47. Qh2+ Kg6 48. Qd6 Kf6 49. Qb4 Qg3 50. Qc4 d3 51. Qc3+ Kg5 52. Qd2+
Kh5 53. Qd1+ Kh4 54. Bf1 Nf4 55. Qd2 f5 56. Bxd3 Qf3+ 57. Kh2 Nxd3 58. Qg2
Qxg2+ 59. Kxg2 f4 60. Kg1 f3 61. Kh2 Kg4 62. Kg1 f2+ 63. Kf1 g5 64. Ke2 f1=Q+
65. Kxf1 Kf3 66. Kg1 g4 67. Kf1 g3 68. Kg1 g2 69. Kh2 Nf2 70. Kg1 Nh3+ 71. Kh2
g1=Q+ 72. Kxh3 72... Qh1# {JudgeTurpin checkmated} 0-1

[Event "ICS Rated blitz match"]
[Site "204.178.125.65"]
[Date "1999.10.19"]
[Round "?"]
[White "JudgeTurpin"]
[Black "Hossa"]
[Result "1-0"]
[WhiteElo "2630"]
[BlackElo "2476"]
[PlyCount "99"]
[EventDate "1999.??.??"]

1. d4 d5 2. c4 e6 3. Nc3 Nf6 4. Qc2 dxc4 5. e3 c5 6. dxc5 Bxc5 7. Bxc4 Nbd7 8.
Nf3 O-O 9. O-O a6 10. Bd3 b6 11. e4 e5 12. Bg5 Bb7 13. Nd5 Be7 14. Nxe7+ Qxe7
15. Qc7 Rab8 16. Bxf6 gxf6 17. Nh4 Qe6 18. Bc4 Qc6 19. Qxc6 Bxc6 20. f3 Bb7 21.
Rad1 Nc5 22. b4 Na4 23. Bb3 Nc3 24. Rd6 Bc8 25. Rxf6 a5 26. bxa5 bxa5 27. Re1
a4 28. Bd5 Rb2 29. a3 Kg7 30. Rc6 Ne2+ 31. Kh1 Nd4 32. Rc4 Bd7 33. Rc7 Rd8 34.
Rec1 Rd2 35. h3 Nb5 36. Rb7 Nxa3 37. Rcc7 Be8 38. Bxf7 Kf6 39. Bxe8 Rxe8 40.
Rxh7 Rg8 41. Rbf7+ Ke6 42. Re7+ Kf6 43. f4 Rd1+ 44. Kh2 Rxg2+ 45. Kxg2 Rd2+ 46.
Kf3 Rd3+ 47. Kg4 Rg3+ 48. Kxg3 exf4+ 49. Kxf4 Nc2 50. Rhf7# {Hossa checkmated}
1-0

[Event "ICS Rated blitz match"]
[Site "204.178.125.65"]
[Date "1999.09.16"]
[Round "?"]
[White "JudgeTurpin"]
[Black "Hossa"]
[Result "1-0"]
[WhiteElo "2447"]
[BlackElo "2393"]
[PlyCount "141"]
[EventDate "1999.??.??"]

1. d4 Nf6 2. c4 e6 3. Nf3 d5 4. Nc3 Bb4 5. Bg5 c5 6. e3 cxd4 7. Qxd4 Nc6 8. Qh4
Be7 9. cxd5 exd5 10. Qf4 O-O 11. Bb5 a6 12. Be2 Re8 13. O-O Be6 14. Rfd1 Rc8
15. Nd4 Nxd4 16. Qxd4 Ne4 17. Nxe4 Bxg5 18. Nxg5 Qxg5 19. Bf3 Rc4 20. Qb6 Qe7
21. Qb3 Rc5 22. Rac1 Rxc1 23. Rxc1 Qd7 24. Rd1 Rd8 25. Qd3 Qa4 26. a3 Qd7 27.
b4 f6 28. Qd4 b5 29. Qb6 Qd6 30. Qxd6 Rxd6 31. Kf1 g5 32. Ke2 g4 33. Be4 Rd8
34. g3 Kg7 35. Bg2 Kg6 36. Rc1 d4 37. exd4 Rxd4 38. Rc6 Bc4+ 39. Ke3 Rd3+ 40.
Kf4 Rxa3 41. Be4+ Kg7 42. Rc7+ Kf8 43. Kf5 Ra2 44. Kxf6 Rxf2+ 45. Bf5 Re2 46.
Rxh7 Kg8 47. Re7 Rxe7 48. Kxe7 Be2 49. Bc8 Kg7 50. Bxa6 Bd3 51. Bc8 Be2 52. Bd7
Kg6 53. Bc8 Kg7 54. Kd6 Kg6 55. Ke5 Kg5 56. Kd4 Bf1 57. Bd7 Be2 58. Kc5 Bd1 59.
Bxb5 Kf5 60. Bd7+ Kf6 61. Kd6 Bf3 62. b5 Be2 63. b6 Bf3 64. Bc6 Bd1 65. b7 Kg6
66. Be4+ Kg7 67. b8=Q Bf3 68. Qb7+ Kg8 69. Qh7+ Kf8 70. Ke6 Bxe4 71. Qf7# {
Hossa checkmated} 1-0

[Event "ICS Rated blitz match"]
[Site "204.178.125.65"]
[Date "1999.09.13"]
[Round "?"]
[White "Kasparovissimo"]
[Black "Hossa"]
[Result "0-1"]
[WhiteElo "2102"]
[BlackElo "2457"]
[PlyCount "76"]
[EventDate "1999.??.??"]

1. d4 Nf6 2. c4 e5 3. dxe5 Ng4 4. e4 Nxe5 5. f4 Nec6 6. Nf3 Bc5 7. Qe2 O-O 8.
Be3 Na6 9. Bxc5 Nxc5 10. Nc3 d6 11. O-O-O Re8 12. Rg1 Bf5 13. e5 f6 14. g4 Bd7
15. Qd2 fxe5 16. fxe5 Nxe5 17. Nxe5 Rxe5 18. Be2 Qh4 19. Bf3 Be6 20. Bd5 Rf8
21. Rde1 Nd3+ 22. Qxd3 Rxe1+ 23. Rxe1 Qxe1+ 24. Qd1 Qxd1+ 25. Kxd1 Bxd5 26.
Nxd5 Rf2 27. Kc1 Rxh2 28. Nxc7 Rg2 29. Nb5 Rxg4 30. Nxd6 g5 31. c5 Rg1+ 32. Kd2
g4 33. Nxb7 g3 34. c6 g2 35. c7 Rc1 36. Kxc1 g1=Q+ 37. Kd2 Qg2+ 38. Kd3 38...
Qxb7 {Kasparovissimo resigns} 0-1

[Event "ICS Rated blitz match"]
[Site "204.178.125.65"]
[Date "1999.09.21"]
[Round "?"]
[White "Lippy"]
[Black "Hossa"]
[Result "1-0"]
[WhiteElo "2725"]
[BlackElo "2347"]
[PlyCount "93"]
[EventDate "1999.??.??"]

1. e4 c5 2. Nf3 d6 3. d4 cxd4 4. Nxd4 Nf6 5. Nc3 a6 6. Be2 e5 7. Nb3 Be7 8. O-O
O-O 9. Be3 Nc6 10. f3 Be6 11. Nd5 Bxd5 12. exd5 Nb4 13. c4 a5 14. f4 e4 15. Qd2
b6 16. f5 b5 17. a3 bxc4 18. Bxc4 Nd3 19. Bxd3 exd3 20. Qxd3 Re8 21. Nd4 Qc7
22. Nc6 a4 23. Rf4 Qb7 24. Rb4 Qd7 25. Rc1 Kf8 26. Rcc4 Rec8 27. Bd2 Bd8 28.
Bc3 Kg8 29. Bxf6 Bxf6 30. Qc2 Re8 31. Rxa4 Rxa4 32. Rxa4 Re1+ 33. Kf2 Re8 34.
b3 Qb7 35. Rb4 Qd7 36. a4 Kh8 37. a5 Bd8 38. a6 Bg5 39. Rb7 Qc8 40. Rb8 Qd7 41.
a7 Be3+ 42. Kf3 Bxa7 43. Rxe8+ Qxe8 44. Nxa7 Kg8 45. Qc8 Kf8 46. b4 g5 47. b5 {
Hossa resigns} 1-0